<Die> Unternehmung Schweizerische Zeitschrift für Betriebswirtschaft

Gespeichert in:
Bibliographische Detailangaben
Format: Schriftenreihe
Sprache:Deutsch
Veröffentlicht: Bern Haupt
Tags: Tag hinzufügen
Keine Tags, Fügen Sie das erste Tag hinzu!

MARC

LEADER 00000nas1a2200000 4500
001 s124514
005 20041021150132.4
041 0 |a ger 
044 |a CH 
245 1 0 |a <Die> Unternehmung  |b Schweizerische Zeitschrift für Betriebswirtschaft 
264 1 |a Bern  |b Haupt